[Event "GER Pyramid email"]
[Site "GER email"]
[Date "2007.03.23"]
[Round "?"]
[White "Serfling, Rainer"]
[Black "Voetter, Hans Dieter"]
[Result "1/2-1/2"]
[WhiteElo "2363"]
[BlackElo "2435"]
[PlyCount "67"]
[EventDate "2007.??.??"]
[EventType "game (corr)"]
[EventCountry "GER"]
[SourceTitle "Corr 2020"]
[Source "ChessBase"]
[SourceDate "2019.09.30"]
[SourceVersion "1"]
[SourceVersionDate "2019.09.30"]
[SourceQuality "1"]

1. e4 e5 2. Nf3 Nc6 3. Bc4 Nf6 4. 0-0 Nxe4 5. Nc3 Nxc3 6. dxc3 f6 7. Nh4 g6 8. f4 Qe7 9. Bd5 Bg7 10. fxe5 Nxe5 11. Nf3 c6 12. Nxe5 fxe5 13. Bf7+ Kd8 14. h4 Kc7 15. Bg5 Qc5+ 16. Kh1 h6 17. b4 Qd6 18. Qxd6+ Kxd6 19. Rad1+ Kc7 20. Be7 d5 21. Bxd5 Bf5 22. Bc4 b5 23. Bd6+ Kb7 24. Bd3 Rhd8 25. Bxf5 gxf5 26. Rxf5 Rd7 27. Re1 Rxd6 28. Rf7+ Kb6 29. Rxg7 Rd2 30. Rxe5 Rxc2 31. Rg6 Rxc3 32. Rxh6 Rc2 33. a3 a5 34. bxa5+ 1/2-1/2

[Event "GER Pyramid email"]
[Site "GER email"]
[Date "2006.10.03"]
[Round "?"]
[White "Serfling, Rainer"]
[Black "Reisinger, Georg"]
[Result "1/2-1/2"]
[WhiteElo "1825"]
[BlackElo "1934"]
[PlyCount "87"]
[EventDate "2006.??.??"]
[EventType "tourn (corr)"]
[EventRounds "10"]
[EventCountry "GER"]
[SourceTitle "Corr 2008"]
[Source "ChessBase"]
[SourceDate "2008.06.24"]
[SourceVersion "1"]
[SourceVersionDate "2008.06.24"]
[SourceQuality "1"]

1. d4 d5 2. e4 dxe4 3. Nc3 e5 4. dxe5 Qxd1+ 5. Kxd1 Nc6 6. Nxe4 Bf5 7. Ng3 0-0-0+ 8. Bd2 Bg6 9. f4 Nh6 10. Nf3 Nb4 11. Rc1 Ng4 12. Ke2 f6 13. a3 Nc6 14. h3 Nh6 15. exf6 gxf6 16. b4 a5 17. c3 Ne7 18. Kf2 Nhf5 19. Bc4 Kb8 20. Ne4 Nh4 21. Nxh4 Bxe4 22. Rhd1 Nc8 23. Be3 Nd6 24. Bb3 Be7 25. Nf3 h5 26. Re1 Rhe8 27. Nd4 f5 28. Ne6 a4 29. Bxa4 Bh4+ 30. g3 Bxg3+ 31. Kxg3 h4+ 32. Kf2 Rxe6 33. Bb3 Rg6 34. Rg1 Rxg1 35. Rxg1 Nb5 36. Rg8 Rxg8 37. Bxg8 Nxc3 38. Bd4 Bd5 39. Bxc3 Bxg8 40. Bf6 b5 41. Bxh4 c6 42. Bf6 Kc7 43. Kg3 Bc4 44. Be5+ 1/2-1/2

[Event "GER MS-031 email"]
[Site "GER email"]
[Date "2006.07.10"]
[Round "?"]
[White "Serfling, Rainer"]
[Black "Bekemann, Uwe"]
[Result "1-0"]
[WhiteElo "1878"]
[BlackElo "2027"]
[PlyCount "87"]
[EventDate "2006.??.??"]
[EventType "tourn (corr)"]
[EventRounds "6"]
[EventCountry "GER"]
[SourceTitle "Corr 2008"]
[Source "ChessBase"]
[SourceDate "2008.06.24"]
[SourceVersion "1"]
[SourceVersionDate "2008.06.24"]
[SourceQuality "1"]

1. d4 d5 2. c4 e6 3. Nc3 Nf6 4. cxd5 exd5 5. Bg5 Be7 6. Qc2 0-0 7. e3 h6 8. Bh4 Be6 9. Nf3 Nbd7 10. Bd3 Re8 11. 0-0 c6 12. Rab1 a6 13. h3 Bd6 14. Ne2 Qc7 15. Bg3 Ne4 16. Bxd6 Qxd6 17. Nf4 a5 18. Rbc1 Rac8 19. Bxe4 dxe4 20. Nd2 Nf6 21. b3 b6 22. Nc4 Qc7 23. Ne5 Qb7 24. Rfd1 Bd5 25. Qe2 Red8 26. Rd2 Rd6 27. Rdc2 Rc7 28. Qe1 Rc8 29. b4 axb4 30. Qxb4 Rdd8 31. Qb2 Rd6 32. a4 Ra8 33. Nxd5 Nxd5 34. a5 Qa6 35. Qb1 bxa5 36. Rxc6 Rxc6 37. Rxc6 Qa7 38. Qxe4 Nb4 39. Rd6 Qb8 40. Rb6 Qc8 41. Rb7 f5 42. Qf3 Ra6 43. g4 Rc6 44. Ra7 1-0

[Event "GER Pyramid email"]
[Site "GER email"]
[Date "2006.06.25"]
[Round "?"]
[White "Schwarte, Joachim"]
[Black "Serfling, Rainer"]
[Result "1/2-1/2"]
[WhiteElo "2296"]
[BlackElo "2363"]
[PlyCount "130"]
[EventDate "2006.??.??"]
[EventType "tourn (corr)"]
[EventRounds "10"]
[EventCountry "GER"]
[SourceTitle "Corr 2020"]
[Source "ChessBase"]
[SourceDate "2019.09.30"]
[SourceVersion "1"]
[SourceVersionDate "2019.09.30"]
[SourceQuality "1"]

1. e4 e5 2. Nf3 d6 3. d4 Nf6 4. Nc3 Nbd7 5. Bc4 Be7 6. 0-0 0-0 7. Re1 exd4 8. Nxd4 Ne5 9. Be2 Re8 10. Bf4 a6 11. Qd2 c5 12. Nf3 b5 13. Rad1 Bb7 14. Bg3 Ng6 15. Qd3 Qa5 16. a3 Rad8 17. Qe3 Qb6 18. Nd5 Nxd5 19. exd5 Bf6 20. Qb3 h5 21. h3 c4 22. Bxc4 Rxe1+ 23. Nxe1 h4 24. Bh2 Bd4 25. Bd3 Bxf2+ 26. Kf1 Bg3 27. Bg1 Qc7 28. Bxg6 fxg6 29. Bf2 Rf8 30. Nf3 Rf5 31. Bxg3 hxg3 32. Rd4 Qf7 33. Qc3 Bxd5 34. Kg1 g5 35. Rd3 Kh7 36. Re3 Kh6 37. Qb4 Bxf3 38. gxf3 Rxf3 39. Qxd6+ Rf6 40. Qxg3 Qc4 41. Qe1 Qxc2 42. Re8 Kg6 43. b4 Kh7 44. Re2 Qc6 45. Qb1+ Kh8 46. Qd3 Qc1+ 47. Kh2 Qf4+ 48. Qg3 Kh7 49. Qxf4 gxf4 50. Re5 Kh6 51. h4 Rg6 52. Rf5 Rg4 53. Kh3 Rg3+ 54. Kh2 Rxa3 55. Rxf4 Kh5 56. Rf7 g5 57. Rh7+ Kg6 58. Rh8 gxh4 59. Rxh4 Rc3 60. Rh8 Rc4 61. Ra8 Rxb4 62. Rxa6+ Kf5 63. Kg2 Ra4 64. Rb6 Ra2+ 65. Kg3 Rb2 1/2-1/2